Role of Air transpoitation in Sparsely Developed Areas (Record no. 543024)
[ view plain ]
| 000 -LEADER | |
|---|---|
| fixed length control field | 00361nam a22001217a 4500 |
| 082 ## - DEWEY DECIMAL CLASSIFICATION NUMBER | |
| Classification number | 387.7 |
| Author Mark | ROL |
| 245 ## - TITLE STATEMENT | |
| Title | Role of Air transpoitation in Sparsely Developed Areas |
| 260 ## - PUBLICATION, DISTRIBUTION, ETC. | |
| Place of publication, distribution, etc. | Washington D. C |
| Name of publisher, distributor, etc. | U.S. Departatment of Transportation |
| Date of publication, distribution, etc. | 1973 |
| 300 ## - PHYSICAL DESCRIPTION | |
| Extent | 161 P. : |
| Dimensions | 28 CM |
| 526 ## - STUDY PROGRAM INFORMATION NOTE | |
| Program name | 0 |
| Interest level | 0 |
| Reading level | 0 |
| Title point value | 387_700000000000000_ROL |
| 650 ## - SUBJECT ADDED ENTRY--TOPICAL TERM | |
| Topical term or geographic name entry element | MCE |
| 9 (RLIN) | 379 |
| 942 ## - ADDED ENTRY ELEMENTS (KOHA) | |
| Source of classification or shelving scheme | |
| Koha item type | Book |
| Withdrawn status | Lost status | Source of classification or shelving scheme | Damaged status | Not for loan | Permanent Location | Current Location | Date acquired | Total Checkouts | Full call number | Barcode | Date last seen | Price effective from | Koha item type |
|---|---|---|---|---|---|---|---|---|---|---|---|---|---|
| Military College of Engineering (MCE) | Military College of Engineering (MCE) | 02/28/2014 | 387.7 ROL | MCE-42737 | 02/28/2014 | 02/28/2014 | Book |
